Contabilidad 4 /
Guardado en:
| Autor Principal: | |
|---|---|
| Formato: | Libro |
| Publicado: |
Buenos Aires :
El Ateneo,
1995
|
| Materias: | |
| Etiquetas: |
Agregar Etiqueta
Sin Etiquetas, Sea el primero en etiquetar este registro!
|
| LEADER | 01219nam a22002295a 4500 | ||
|---|---|---|---|
| 001 | CEM.cems008985 | ||
| 008 | 130507s1995##################000#0#####d | ||
| 005 | 20241220092704.0 | ||
| 245 | 1 | 0 | |a Contabilidad 4 / |c Raquel Rosenberg |
| 260 | |a Buenos Aires : |b El Ateneo, |c 1995 | ||
| 300 | |a 325 p. | ||
| 505 | 0 | |a Balance general -- Los resultados del ejercicio económico -- Presentación de los resultados -- Sociedades -- Sociedades en general -- Sociedades de personas e intermedias -- Sociedades de capital -- Sociedad anónima -- Aspectos contables de las sociedades de capital -- Otras sociedades y asociaciones -- Disolución, liquidación y empresas de servicios -- La empresa industrial | |
| 020 | |a 9500273659 | ||
| 100 | 1 | |a Rosenberg, Raquel | |
| 082 | 0 | 4 | |a Z657 |
| 653 | |a Contabilidad | ||
| 653 | |a Contabilidad-polimodal | ||
| 859 | |a CEMS |b BIB. CEMS - 11 de abril |h Z657 |i R723 |p 18621.95 |t Ej.1 |v IV |3 IV | ||
| 859 | |a CEMS |b BIB. CEMS - 11 de abril |h Z657 |i R723 |p 18910.96 |t Ej.2 |v IV |3 IV | ||
| 859 | |a CEMS |b BIB. CEMS - 11 de abril |h Z657 |i R723 |p 18932.96 |t Ej.3 |v IV |3 IV | ||
| 859 | |a CEMS |b BIB. CEMS - 11 de abril |h Z657 |i R723 |p 18983.96 |t Ej.5 |v IV |3 IV | ||
| 859 | |a CEMS |b BIB. CEMS - 11 de abril |h Z657 |i R723 |p 18984.96 |t Ej.6 |v IV |3 IV | ||
